Jersey Shore Click-O-Rama: Southern Ocean Quiz Stats

Quiz not verified by Sporcle

Score 0/16 Timer 03:00
0 Plays Today
% Correct
Lacey
80.5%
Stafford
80.5%
Long Beach
78%
Little Egg Harbor
75.6%
Eagleswood
73.2%
Barnegat
68.3%
Tuckerton
68.3%
Barnegat Light
65.9%
% Correct
Holgate
65.9%
Ocean
63.4%
Ship Bottom
58.5%
Beach Haven
58.5%
Surf City
56.1%
Loveladies
53.7%
Harvey Cedars
48.8%
North Beach
46.3%

You're not logged in!

Compare scores with friends on all Sporcle quizzes.
Join for Free
OR
Log In

You Might Also Like...

Show Comments

Extras

Top Quizzes Today


Score Distribution

Your Account Isn't Verified!

In order to create a playlist on Sporcle, you need to verify the email address you used during registration. Go to your Sporcle Settings to finish the process.

Report this User

Report this user for behavior that violates our Community Guidelines.

Details: